| 000 | 00390nam a2200145Ia 4500 | ||
|---|---|---|---|
| 008 | 150201s2009 xx 000 0 und d | ||
| 082 |
_a617.6 _bD2009H |
||
| 100 | _aHARI PRAKASH | ||
| 245 | _aDENTAL ETHICS -AN INDIAN PROSPECTIVE | ||
| 250 | _a1ST | ||
| 260 |
_bDENTAL COUNCIL OF INDIA _aDELHI _c2009 |
||
| 300 | _a1-106 | ||
| 650 | _aCONSERVATIVE DENTISTRY & ENDODONTICS | ||
| 942 |
_2ddc _cBK |
||
| 999 |
_c4236 _d4236 |
||